00571nam a2200145Ia 4500008004100000024004400041082001700085100008500102245002800187260002500215600002700240650003300267952010800300999001700408250506s9999 xx 000 0 und d a16B-027-EL, 16B-028-EL & 16B-041-EL a004.3092 MUH aMuhammad Rafay Taimoor, Muhammad Miftah Ul Haq Siddiqui & Shahzeb Ahmed Siddiqui 0aE-Waste PCB Dismantling aKarachi:bUIT,c2016 aElectronic Engineering aBachelor of Engineering (BE) 001040708PR-EEaUITUbUITUd2022-07-26l0o004.3092 MUHpEE-450r2025-05-06 11:34:42w2025-05-06yPR c28980d28980